| 000 | 00714 a2200169 4500 | ||
|---|---|---|---|
| 003 | Nust | ||
| 005 | 20170207153500.0 | ||
| 040 | _cNust | ||
| 082 | _a621.3810287 | ||
| 245 |
_aHandbook of Electronic measurements _cEditor: Moe Wind |
||
| 260 |
_aLondon _bPolytechnic press |
||
| 300 | _a18-78 | ||
| 490 | _vI, II | ||
| 505 | _aElectronic Fundamentals (Page-1) Measurement of Voltage and Current (Various Pages) AC Measurement in the VHF and UHF Frequency Range(Various Pages) Measurement of Power (Various Pages) The Measurement of Impedance and Circuit Element (Various Pages) Measurement of Frequency and Wavelength (Various Pages) | ||
| 538 | _aAlmirah No. 130 and Shelf No. 1 | ||
| 650 | _aElectronic Measurements | ||
| 942 |
_2ddc _cBK |
||
| 999 |
_c187288 _d187288 |
||